BIBLIOTHÈQUE DE LA MAISON DU MEXIQUE

Logo 1 Logo 2

Ludwik Margules (notice nᵒ 309)

détails MARC
000 -Sello discográfico
campo de control de longitud fija 01010nam a2200325 4500
005 - Identificación de versión
campo de control 20251017062812.0
010 ## - Número Estándar Internacional de Libros (ISBN)
Número (ISBN) 970-35-0414-0
099 ## - fechas locales
Tipo de ítem Koha LIBRO
100 ## - Datos de procesamiento general
Datos de procesamiento general 19941107d2004 m y1spay5003 ba
105 ## - Campo de datos codificados: Material textual, monográfico
Datos codificados de monografía a 001zb
200 1# - Título y mención de responsabilidad
Título propio Ludwik Margules
Designación general del material texto impreso
Otra información del título conversaciones con Rodolfo Obregón
Primer mención de responsabilidad Ludwik Margules, Rodolfo Obregón
205 ## - Declaración de edición
Declaración de edición 1a ed
210 ## - Publicación, distribución, etc.
Lugar de publicación, distribución, etc. México
Nombre del editor, distribuidor, etc. Ediciones El Milagro
-- Consejo Nacional para la Cultura y las Artes
Fecha de publicación, distribución, etc. 2004
215 ## - Descripción física
Designación de material específico y extensión del ítem 203 p
Otras características físicas fot.
Dimensiones 21 cm
320 ## - Nota de índices/bibliografías internas
Texto de la nota Incluye cronología
345 ## - Nota de información de adquisición
Fuente de adquisición/dirección de la suscripción [OBSOLETO] Donación
410 #1 - Series
Título Colección Memorias
600 ## - Nombre personal usado como materia
Elemento de entrada Margules
Parte del nombre distinta del elemento de entrada Ludwik
Fechas 1933-2006
Número Koha 969
606 ## - Término temático usado como materia
Elemento de entrada Teatro mexicano
Subdivisión cronológica Siglo XX
Número Koha 167
660 ## - Código de área geográfica
Código MX
700 ## - Nombre personal - Responsabilidad primaria
Elemento de entrada Margules
Parte del nombre distinta del elemento de entrada Ludwik
Fechas 1933-2006
Número Koha 969
701 ## - Nombre personal - Responsabilidad alternativa
Elemento de entrada Obregón
Parte del nombre distinta del elemento de entrada Rodolfo
Fechas 1960-
Número Koha 970
801 #0 - Fuente de origen
Agencia cm
900 ## -
-- 1/10865
900 ## -
-- 71094386\\\071194
942 ## - ELEMENTOS DE ENTRADA SECUNDARIOS (KOHA)
Tipo de ítem Koha Livre
996 ## -
-- MEX
-- 751145101
-- MMAG
-- 004440
-- 920 M331M
-- 20210111LIV
Exemplaires
Estatus retirado Estado de daño Estado de pérdida Fecha de adquisición Biblioteca de origen Biblioteca actual Ubicación en estantería Código de barras Precio de reemplazo Signatura topográfica completa No para préstamo Tipo de ítem Koha Nota pública Nota no pública
      05/08/2025 Casa México Paris Casa México Paris   004440 05/08/2025 920 M331M   Livre 20210111LIV 751145101